000 00448nam a2200145 4500
008 b xx# fre u
040 _aLB-BrCRDP
082 1 _aM. Term
_bAou
100 1 _aAouad, Michel
245 1 3 _aLa vie économique
_bDéveloppement & politiques économiques ( classe terminale)
_cMichel Aouad, Ismat Kalach
300 _a365p
700 1 _aKalach, Ismat
942 _cBK
999 _c8053
_d8053